000 00559nam a22001697a 4500
005 20251108165356.0
008 250721s1965 xx 000 0 ara d
082 1 4 _aم/016.091/عبد
100 1 _aالجبوري، عبد الله
245 1 0 _aالمستدرك على الكشاف عن مخطوطات خزانة كتب الأوقاف /
264 1 _aبغداد :
_bالمجمع العلمي العراقي،
_c1965.
300 _a411ص
650 1 7 _aالمخطوطات العربية
650 1 7 _aالفهارس
942 _2ddc
_cREF
999 _c26420
_d26420